Europas Frühe Neuzeit: Geschichte und Theorie einer Gesellschaft auf dem Weg in die Moderne

Saved in:  
Bibliographic Details
Main Author: Schlögl, Rudolf 1955- (Author)
Corporate Author: Wallstein-Verlag. Verlag
Format: Print Book
Language:German
Subito Delivery Service: Order now.
Check availability: HBZ Gateway
WorldCat: WorldCat
Interlibrary Loan:Interlibrary Loan for the Fachinformationsdienste (Specialized Information Services in Germany)
Published: Göttingen Wallstein Verlag [2025]
In:Year: 2025
Standardized Subjects / Keyword chains:B Europe / Communication / Media / Society / Development / Social system / Differentiation / History 1450-1800
B Europe / History
Further subjects:B Europe
B History
Online Access: Table of Contents

MARC

LEADER 00000cam a2200000 c 4500
001 1909987271
003 DE-627
005 20260423065020.0
007 tu
008 241202s2025 gw ||||| 00| ||ger c
015 |a 24,N48  |2 dnb 
015 |a 26,A17  |2 dnb 
016 7 |a 1348903236  |2 DE-101 
020 |a 9783835357983  |q Festeinband : EUR 40.00 (DE), circa EUR 41.20 (AT)  |9 978-3-8353-5798-3 
020 |a 3835357980  |9 3-8353-5798-0 
024 3 |a 9783835357983 
035 |a (DE-627)1909987271 
035 |a (DE-603)536918457 
035 |a (DE-599)DNB1348903236 
035 |a (OCoLC)1533286496 
035 |a (OCoLC)1473827644 
040 |a DE-627  |b ger  |c DE-627  |e rda 
041 |a ger 
044 |c XA-DE-NI 
082 0 |a 301.0940903  |q DE-101  |2 23/ger 
082 0 4 |a 300  |a 940  |q DE-101 
084 |a 1  |2 ssgn 
084 |a NN 1300  |q DE-24/25sred  |2 rvk  |0 (DE-625)rvk/126530: 
084 |a NN 1000  |2 rvk  |0 (DE-625)rvk/126501: 
084 |a 15.34  |2 bkl 
100 1 |e VerfasserIn  |0 (DE-588)103209222X  |0 (DE-627)737922613  |0 (DE-576)379807858  |4 aut  |a Schlögl, Rudolf  |d 1955- 
109 |a Schlögl, Rudolf 1955-  |a Schlögl, Rolf 1955- 
245 1 0 |a Europas Frühe Neuzeit  |b Geschichte und Theorie einer Gesellschaft auf dem Weg in die Moderne  |c Rudolf Schlögl 
264 1 |a Göttingen  |b Wallstein Verlag  |c [2025] 
264 4 |c © 2025 
300 |a 783 Seiten  |c 24 x 17 cm 
336 |a Text  |b txt  |2 rdacontent 
337 |a ohne Hilfsmittel zu benutzen  |b n  |2 rdamedia 
338 |a Band  |b nc  |2 rdacarrier 
500 |a Literaturverzeichnis: Seite 707-770 
500 |a Sachregister: Seite 771-783 
583 1 |a Archivierung/Langzeitarchivierung gewährleistet  |f PENI  |x XA-DE-NI  |2 pdager  |5 DE-35 
583 1 |a Archivierung/Langzeitarchivierung gewährleistet  |f PENI  |2 pdager  |5 DE-35 
601 |a Neuzeit 
648 7 |a Geschichte  |2 gnd 
651 7 |0 (DE-588)4015701-5  |0 (DE-627)104289007  |0 (DE-576)208913092  |a Europa  |2 gnd 
689 0 0 |d g  |0 (DE-588)4015701-5  |0 (DE-627)104289007  |0 (DE-576)208913092  |2 gnd  |a Europa 
689 0 1 |d s  |0 (DE-588)4031883-7  |0 (DE-627)10454869X  |0 (DE-576)208994653  |2 gnd  |a Kommunikation 
689 0 2 |d s  |0 (DE-588)4169187-8  |0 (DE-627)105411868  |0 (DE-576)209921099  |2 gnd  |a Medien 
689 0 3 |d s  |0 (DE-588)4020588-5  |0 (DE-627)106317520  |0 (DE-576)208933956  |2 gnd  |a Gesellschaft 
689 0 4 |d s  |0 (DE-588)4113450-3  |0 (DE-627)105829390  |0 (DE-576)209476583  |2 gnd  |a Entwicklung 
689 0 5 |d s  |0 (DE-588)4055764-9  |0 (DE-627)106156896  |0 (DE-576)209115300  |2 gnd  |a Soziales System 
689 0 5 |d s  |0 (DE-588)4121138-8  |0 (DE-627)105771481  |0 (DE-576)209540826  |2 gnd  |a Differenzierung 
689 0 5 |q z  |2 gnd  |a Geschichte 1450-1800 
689 0 |5 DE-101 
689 1 0 |d g  |0 (DE-588)4015701-5  |0 (DE-627)104289007  |0 (DE-576)208913092  |2 gnd  |a Europa 
689 1 1 |q z  |2 gnd  |a Geschichte 
689 1 |5 (DE-627) 
710 2 |e Verlag  |0 (DE-588)103700972X  |0 (DE-627)751879274  |0 (DE-576)391016423  |4 pbl  |a Wallstein-Verlag 
776 1 |o 10.46500/83535798 
776 1 |z 9783835381230  |c (Open access) 
856 4 2 |u http://www.gbv.de/dms/weimar/toc/1909987271_toc.pdf  |m DE-601  |q application/pdf  |3 Inhaltsverzeichnis  |7 1 
936 r v |a NN 1300  |b Allgemeines  |k Geschichte  |k Neuere Geschichte  |k Neuere Geschichte insgesamt  |k Darstellungen  |k Allgemeines  |0 (DE-627)1271464098  |0 (DE-625)rvk/126530:  |0 (DE-576)201464098 
936 r v |a NN 1000  |b Allgemeines  |k Geschichte  |k Neuere Geschichte  |k Neuere Geschichte insgesamt  |k Allgemeines  |0 (DE-627)1271463725  |0 (DE-625)rvk/126501:  |0 (DE-576)201463725 
936 b k |a 15.34  |j Europäische Geschichte 1492-1789  |0 (DE-627)181569574 
936 s n |a n100  |2 mzub 
951 |a BO 
ELC |b 1 
ITA |a 1 
LOK |0 000 xxxxxcx a22 zn 4500 
LOK |0 001 4654703047 
LOK |0 003 DE-627 
LOK |0 004 1909987271 
LOK |0 005 20250603142617 
LOK |0 008 250121||||||||||||||||ger||||||| 
LOK |0 040   |a DE-21-32c  |c DE-627  |d DE-21-32c 
LOK |0 541   |e 2025-0103 
LOK |0 852   |a DE-21-32c 
LOK |0 852 1  |c Ha a 4031  |m p  |9 00 
LOK |0 938   |a 2506 
LOK |0 938   |k p 
LOK |0 939   |a 2025-01-21  |b l01 
LOK |0 000 xxxxxcx a22 zn 4500 
LOK |0 001 4779799880 
LOK |0 003 DE-627 
LOK |0 004 1909987271 
LOK |0 005 20251008160125 
LOK |0 008 251002||||||||||||||||ger||||||| 
LOK |0 040   |a DE-21-35  |c DE-627  |d DE-21-35 
LOK |0 541   |e 25/700 
LOK |0 852   |a DE-21-35 
LOK |0 852 1  |c Kd 50.61  |m p  |9 00 
LOK |0 866   |x MNKG 
LOK |0 938   |a 2510  |f K6 
LOK |0 938   |k p 
LOK |0 939   |a 2025-10-02  |b l01 
ORI |a TA-MARC-ixtheoa001.raw 
REF |a Gesellschaftliche Entwicklung,Gesellschaftliche Kommunikation 
REL |a 1 
STA 0 0 |a Communication,Communication,Communication process,Information process,Communication in art,Development,Development,Origin,Development stage,Differentiation,Europe,Europe,Europe,The West,Occident,Northeastern Europe,History,History,History in art,Media,Media,Means of communication,Mass media,Communication media,Social system,Society,Society,Society in art 
STB 0 0 |a Communication,Communication,Développement,Développement,Europe,Histoire,Histoire,Histoire,Médias,Médias,Société,Société,Système social 
STC 0 0 |a Comunicación,Comunicación,Desarrollo,Desarrollo,Diferenciación,Europa,Historia,Historia,Historia,Medios de comunicación,Medios de comunicación,Sistema social,Sociedad,Sociedad,Sociedad 
STD 0 0 |a Comunicazione,Comunicazione,Differenziazione,Distinzione,Distinzione,Europa,Mezzi di comunicazione <motivo>,Mezzi di comunicazione,Media,Media,Media (motivo),Media,Sistema sociale,Società,Società,Storia,Storia,Sviluppo,Sviluppo 
STE 0 0 |a 区别,辨别,区分,历史,史,发展,开发,媒体,媒体,传播媒体,传播媒体,社会,社会系统,联系,通信,沟通 
STF 0 0 |a 區別,辨別,區分,媒體,媒體,傳播媒體,傳播媒體,歷史,史,發展,開發,社會,社會系統,聯繫,通信,溝通 
STG 0 0 |a Comunicação,Comunicação,Desenvolvimento,Desenvolvimento,Diferenciação,Europa,História,História,Meios de comunicação,Meios de comunicação,Sistema social,Sociedade,Sociedade 
STH 0 0 |a Дифференциация,Европа (мотив),История (мотив),История,Общение (мотив),Общение,Общество (мотив),Общество,Развитие (мотив),Развитие,Социальная система,Средства массовой информации (мотив),Средства массовой информации,СМИ 
STI 0 0 |a Διαφοροποίηση,Διάκριση,Εξέλιξη <μοτίβο>,Εξέλιξη,Ανάπτυξη,Ανάπτυξη (μοτίβο),Επικοινωνία (μοτίβο),Επικοινωνία,Ευρώπη (μοτίβο),Ιστορία (μοτίβο),Ιστορία,Κοινωνία (μοτίβο),Κοινωνία,Κοινωνικό σύστημα,Μέσα Μαζικής Ενημέρωσης <μοτίβο>,Μέσα Μαζικής Ενημέρωσης,ΜΜΕ,ΜΜΕ (μοτίβο) 
SUB |a REL 
SYF 0 0 |a Liberté,Europa III,Europe,Europäische Länder,Europäische Staaten , Abendland,Okzident 
SYG 0 0 |a Liberté,Europa III,Europe,Europäische Länder,Europäische Staaten , Abendland,Okzident , Kommunikationsprozess,Informationsprozess , Mediengeschichte,Kommunikationsmedium,Kommunikationsmittel,Medium <Kommunikation>,Kommunikationsmedium,Kommunikationsmittel,Medium , Society,Bürgergesellschaft,Bürgerliche Gesellschaft , Ursprung,Entwicklungsstadium , Gesellschaftssystem,Sozialsystem,Soziokulturelles System,Soziale Systeme,Sozialsysteme , Liberté,Europa III,Europe,Europäische Länder,Europäische Staaten , Abendland,Okzident , History,Geschichtliche Epoche,Historical development,Historische Entwicklung,Landesgeschichte,Regionalgeschichte,Ortsgeschichte,Zeitgeschichte 
TIM |a 100014500101_100018001231  |b Geschichte 1450-1800